Fr. Conceicao Rodrigues College of Engineering

Text Book Of Production Engineering (Record no. 21457)

MARC details
000 -LEADER
fixed length control field 00300nam a2200145Ia 4500
100 ## - MAIN ENTRY--PERSONAL NAME
Personal name Sharma/P.C
245 ## - TITLE STATEMENT
Title Text Book Of Production Engineering
260 ## - PUBLICATION, DISTRIBUTION, ETC.
Name of publisher, distributor, etc. S.Chand & Co.
Date of publication, distribution, etc. 1982
366 ## - TRADE AVAILABILITY INFORMATION
Publishers's discount category 12.5
300 ## - PHYSICAL DESCRIPTION
Extent 983
546 ## - LANGUAGE NOTE
Language note ENGLISH
654 ## - SUBJECT ADDED ENTRY--FACETED TOPICAL TERMS
Focus term production
942 ## - ADDED ENTRY ELEMENTS (KOHA)
Koha item type BOOK
Holdings
Withdrawn status Lost status Damaged status Not for loan Collection Home library Current library Date acquired Source of acquisition Cost, normal purchase price Inventory number Total Checkouts Full call number Barcode Date last seen Cost, replacement price Price effective from Koha item type
        CRC Fr. Agnel's C.Rodrigues College of Engineering Fr. Agnel's C.Rodrigues College of Engineering 17/03/2023 Educational books and periodicals 306.25 257 dt 27/04/2009   19512 17/03/2023 350.00   BOOK